| 000 | 01018nam a2200229Ia 4500 | ||
|---|---|---|---|
| 999 |
_c55965 _d55965 |
||
| 001 | 23064 | ||
| 003 | GE_BSU | ||
| 005 | 20230502121622.0 | ||
| 008 | 181216s1958ge xx |||||||||||||| ||geo|| | ||
| 040 | _cGE_BSU | ||
| 041 | _ageo | ||
| 080 | _a821.14'01-21 ს-72 | ||
| 100 |
_aსოფოკლე _915460 |
||
| 245 |
_aოიდიპოს მეფე / _cსოფოკლე, თარგმ: დავით გაჩეჩილაძე ; [ს. ყაუხჩიშვილის რედ. და წინასიტყვაობით |
||
| 264 |
_aთბილისი : _bსაბჭ. საქართველო, _c1958. |
||
| 300 |
_a68გვ . ; _b20 სმ. |
||
| 653 | _aანტიკური კულტურა | ||
| 653 | _aოიდიპოს მეფე | ||
| 700 |
_a გაჩეჩილაძე, დავით _eმთარგმნელი _917917 |
||
| 700 |
_a ყაუხჩიშვილი, ს _eრედაქტორი _917918 |
||
| 942 |
_cBK _2udc |
||